000 02178cam a22005174i 4500
003 PE-LiUPU
005 20250731184557.0
008 150706s r 000 0 d
020 _a9788434452312
035 _a(Sirsi) i9788434452312
040 _aPE-LiUPU
_bspa
_cPE-LiUPU
_erda
049 _aPRUA
082 0 4 _a930.1028
_bD74
_221
100 1 _aBurke, Heather,
_d1966- ,
_eautor.
245 1 0 _aManual de campo del arqueólogo /
_cHeather Burke y Claire Smith, adaptación de Inés Domingo.
264 1 _aEspaña :
_bAriel,
_c2007.
300 _a478 páginas :
_bilustraciones ;
_c24 centímetros
336 _atext
_2rdacontent
337 _aunmediated
_2rdamedia
338 _avolume
_2rdacarrier
490 0 _aAriel Prehistoria
504 _aIncluye bibliografía.
505 0 _aPreparativos para el trabajo del campo -- Orientación y cartografía -- La búsqueda de yacimientos -- La planimetría del yacimiento -- Técnicas básicas de excavación -- La documentación arqueológica de yacimientos prehistóricos -- La documentación de yacimientos arqueológicos de época clásica o posterior -- La gestión del patrimonio cultural -- La fotografía y el dibujo arqueológico -- La presentación de los resultados: redacción publicación en interpretación.
526 _aP136
526 _aP135
526 _aP134
526 _aP133
526 _aP144
526 _aP143
526 _aP87
526 _aP35
526 _aP20
526 _aP14
526 _aP10
526 _aP06
541 _g007-0820905;
650 0 4 _aArqueología
_xManuales.
700 1 _aDomingo, Inés,
_eadap.
700 1 _aSmith, Claire,
_d1957- ,
_eautor.
910 _agl
_bjv
_cng
_d20091210
942 _2ddc
_cBOOK
949 _a930.1028 D74
_wDEWEY
_c1
_i60778
_lCCODEBUL1
_mBUL
_p51.00
_r0
_sY
_tBOOK
_u2015-7-6
_xTEOLOGIA
_zUNKNOWN
_0COMPRA
_o.STAFF. Colección General
994 _aC0
_bPEPRU
596 _a1
999 _a930.1028 D74
_wDEWEY
_c50159
_i60778
_f2021-11-11
_g6
_lCCODEBUL1
_mBUL
_p51.00
_r0
_sY
_tBOOK
_u2015-7-6
_xTEOLOGIA
_zUNKNOWN
_0COMPRA
_o.STAFF. Colección General
_d50159
980 _81
_gALBERTO SANCHEZ Responsable de Automatización